General Studies Paper II (for UPSC Preliminary examination) : CSAT 2025 (Record no. 116262)

MARC details
000 -LEADER
fixed length control field 00276 a2200109 4500
020 ## - INTERNATIONAL STANDARD BOOK NUMBER
International Standard Book Number 9789361591884
100 ## - MAIN ENTRY--PERSONAL NAME
Personal name Showick Thorpe
245 ## - TITLE STATEMENT
Title General Studies Paper II (for UPSC Preliminary examination) : CSAT 2025
250 ## - EDITION STATEMENT
Edition statement 14th
260 ## - PUBLICATION, DISTRIBUTION, ETC. (IMPRINT)
Name of publisher, distributor, etc Pearson
Date of publication, distribution, etc 2025
942 ## - ADDED ENTRY ELEMENTS (KOHA)
Koha item type On order/under processing
Holdings
Withdrawn status Lost status Damaged status Not for loan Home library Current library Date acquired Source of acquisition Cost, normal purchase price Total Checkouts Barcode Date last seen Cost, replacement price Price effective from Koha item type
        University Library University Library 26/03/2026 264 559.20   00098337 26/03/2026 699.00 26/03/2026 On order/under processing
University Library, CUSAT